| 000 | 00550nam a2200169 a 4500 | ||
|---|---|---|---|
| 001 | 000026782 | ||
| 005 | 20200930030417.0 | ||
| 008 | 110325s1997 dr 000 0 spa d | ||
| 040 |
_aDO-SdBNP _bspa _cBNPHU |
||
| 082 |
_axxx _bR741h |
||
| 100 | 1 |
_aRojas, Roberto _92369 |
|
| 245 | 1 | 0 |
_aHombres excepcionales : _buna lectura refrescante y amena / _cRoberto Rojas ; prólogo Arturo Feliz. |
| 260 |
_aSanto Domingo : _bTalleres gráficos de editora DPI, _c1997. |
||
| 300 |
_a170 p. ; _c22 cm. |
||
| 700 | 1 |
_aFeliz, Arturo, _epról. _936613 |
|
| 049 | _aBNPD | ||
| 999 |
_c26274 _d26274 |
||